Demokracia a fiškálny kompakt

Úspornosť vs. rast v krajinách EÚ. Správna cesta je využiť flexibilitu európskej zmluvy o rozpočtovej disciplíne a uskutočňovať štrukturálne reformy. Strašidlo antiúsporných hnutí. Paradoxy únie.

Salvato in:
Dettagli Bibliografici
Autore principale: Daveri, Francesco
Natura: Capitolo di libro
Lingua:slovacco
Soggetti:
Tags: Aggiungi Tag
Nessun Tag, puoi essere il primo ad aggiungerne!!

MARC

LEADER 00000naa a2200000 4500
001 0151910
005 20231113075609.9
041 0 |a slo 
044 |a SK 
245 1 0 |a Demokracia a fiškálny kompakt  |c Francesco Daveri 
520 |a Úspornosť vs. rast v krajinách EÚ. Správna cesta je využiť flexibilitu európskej zmluvy o rozpočtovej disciplíne a uskutočňovať štrukturálne reformy. Strašidlo antiúsporných hnutí. Paradoxy únie. 
610 2 0 |a Európska únia 
610 2 0 |a politika fiškálna 
610 2 0 |a disciplína finančná 
610 2 0 |a rozpočet štátny 
610 2 0 |a rozpočet spoločný 
610 2 0 |a úspory 
100 1 |a Daveri, Francesco